| 000 | 00354nam a2200157Ia 4500 | ||
|---|---|---|---|
| 003 | OSt | ||
| 005 | 20260511141353.0 | ||
| 008 | 241002s9999 xx 000 0 und d | ||
| 040 | _cAACR2 | ||
| 082 | _a155 FWG | ||
| 100 | _aFlugel, J.C | ||
| 245 | 2 | _aA Hundred Years of Psychology | |
| 260 |
_aLondon: _c1953 |
||
| 600 | _aPhilosophy | ||
| 942 |
_cUC _2ddc |
||
| 999 |
_c18448 _d18448 |
||